The LEGO Ninjago Movie: Minifigures by Picture - Statistics

General Stats
  • This quiz has been taken 36 times
  • The average score is 11 of 16
Answer Stats
Picture Answer % Correct
Cole
96%
Kai
96%
Lloyd
96%
Lord Garmadon
96%
Master Wu
96%
Zane
96%
Jay
93%
Nya
89%
Dareth
68%
Edna
57%
Ed
54%
Koko
54%
Lil' Nelson
43%
Rufus McCallister
32%
Chad
18%
Mystake
14%
No matching quizzes found
Score Distribution
Percent of People with Each Score
Percentile by Number Answered
Your Score History
You have not taken this quiz